000 00633nam a2200241Ia 4500
003 OSt
005 20221007072954.0
006 a|||||r|||| 00| 0
007 ta
008 221006b |||||||| |||| 00| 0 eng d
024 _a25,098
037 _cTextual
040 _aFLL
_cFLL
_beng
041 _2eng
_aeng
082 _aZ3,8, L9
100 _aAtkinson J. Maxwell
245 0 _aOrder in court
260 _aLondon
_bThe Macmillan Press Ltd. London
_c1979
300 _aviii,1-275p
_ccm.
700 _a Drew Paul
942 _hZ3,8, L9
_cTEXL
_2CC
999 _c1147383
_d1147383